| 000 | 00533nam a2200193Ia 4500 | ||
|---|---|---|---|
| 005 | 20250508150417.0 | ||
| 008 | 008 250505s9999 xx 000 0 eng d | ||
| 037 | _aTextual | ||
| 040 |
_aFEDL _beng _cFEDL |
||
| 041 |
_aeng _2eng |
||
| 084 |
_a155.4, LAN _qFEDL |
||
| 100 |
_aLane Homer _9756627 |
||
| 245 | 0 | _aTalks to parents and teachers | |
| 260 |
_aLondon, UK _bGeorge Allen and Unwin Ltd. _c1928 |
||
| 300 | _a197p | ||
| 650 | _aChild psychology | ||
| 942 |
_cTEXL _h155.4, LAN |
||
| 999 |
_c1323497 _d1323497 |
||